Potrebná antiučebnica ekonómia sa dá učiť aj inak

Recenzia knihy Economics Anti-Textbook, v ktorej sa jej autori Rod Hill a Tony Myatt rozhodli bližšie pozrieť na obsah pre kurzy mikro- a makroekonómie, ktoré neraz používajú zjednodušujúce učebnice, s priblížením ich ideológie. Autori sa označujú za postkeynesiáncov, resp. sociálnych demokratov eur...

Full description

Saved in:
Bibliographic Details
Main Author: Profant, Tomáš Imrich, 1983-
Format: Book Chapter
Language:Slovak
Subjects:
Tags: Add Tag
No Tags, Be the first to tag this record!

MARC

LEADER 00000naa a2200000 4500
001 0290987
005 20240502083941.4
041 0 |a slo 
044 |a CZ 
245 1 0 |a Potrebná antiučebnica  |b ekonómia sa dá učiť aj inak  |c Tomáš Imrich Profant 
520 |a Recenzia knihy Economics Anti-Textbook, v ktorej sa jej autori Rod Hill a Tony Myatt rozhodli bližšie pozrieť na obsah pre kurzy mikro- a makroekonómie, ktoré neraz používajú zjednodušujúce učebnice, s priblížením ich ideológie. Autori sa označujú za postkeynesiáncov, resp. sociálnych demokratov európskeho strihu, ale ich „antiučebnica“ nemá za cieľ prezentovať jednotnú alternatívnu paradigmu, ani vyvracať celú neoklasickú ekonómiu. Zameriava sa len na jej učebnicovú verziu. Kniha prezentuje kľúčový problém, že učebnice prezentujú ekonómiu ako hodnotovo neutrálnu vedu s jasne danou metodológiou, ktorá je schopná generovať objektívne poznanie. V skutočnosti je ekonómia „bojovým poľom medzi protichodnými ideológiami“. Cieľom autorov je ukazovať, akým spôsobom a na akých konkrétnych miestach sú prítomné implicitné hodnotové orientácie, ktoré čitatelia nemusia zdieľať, ale zároveň ich môžu prehliadnuť. 
610 2 0 |a recenzie 
610 2 0 |a učebnice 
610 2 0 |a teórie ekonomické 
610 2 0 |a mikroekonomika 
610 2 0 |a vzdelanie ekonomické 
610 2 0 |a výučba vedecká 
100 1 |a Profant, Tomáš Imrich, 1983-